000 00953nam a2200277Ia 4500
001 Para_1204
003 CHAP
008 220125s1997 xx 000 0 und d
010 _a199930
040 _cCHAP
090 _aPA TESIS 1170
100 _aTurcios Palomo, Ciro Luis A.
_9115597
245 _aEvaluación de diferentes grupos toxicológicos de insecticidas para el control del barrenador de la alcachofa platyptilia carduidactyla Riley /
_c por Ciro Luis A. Turcios Palomo
260 _aChapingo, Méx. :
_b El autor
300 _a62 h.
502 _aTesis (Ing. Agr. Esp. en Parasitología Agrícola), UACh. Depto. Parasitología
650 _aAlcachofas
_x plagas
_93532
710 _aUACh. Departamento Parasitología Agrícola
_9164025
901 _aPA TESIS 1170
902 _aA
905 _a0000001997 i 0000000000 00
910 _a1997
942 _cPARA
942 _cPARA
_d1
999 _c199930
_d199930